000 00432nam a2200181Ia 4500
001 20117
005 20260306172742.0
008 260306t2003||||xx |||||||||||||| ||spa||
041 _aESP
082 _a342.21798
_bB82
100 _aBrewer Carías, Allan R.
_eAUT
245 0 _aDerecho comunitario andino
260 _c2003
300 _a484 páginas :
_c24 cm.
650 _aGEN
654 _aCDE
942 _cLIB
_dJUS
_fJUS
_2ddc
_n
999 _c20117
_d20117